000 00764nam a22001697a 4500
003 BD-ChCU
005 20240211120041.0
008 240211b bg ||||| |||| 00| 0 ben d
040 _cBD-ChCU
082 _222
_a৩০০.৫ প্রতি ৬
100 _aখান, সাদাত উল্লাহ
_94319
245 _aপ্রতিবুদ্ধিজীবী : ৩৬
_bইসলামধর্মের সমাজবিজ্ঞান /
_cসাদাত উল্লাহ খান
260 _aঢাকা :
_bবাংলা একাডেমী,
_cc২০২৩
300 _a৪৪৭পৃ. :
_c22 cm.
650 0 _aসমাজবিজ্ঞান - সাময়িকী সাময়িকী
_94320
942 _2ddc
_cBK
_n0
999 _c103737
_d103737